00469nam a2200193 a 4500001001300000003000900013005001700022008004100039020001100080082001700091100001900108245001800127260004200145300000800187500003500195505001000230650001600240700001900256nice12345678IN_TiNIC20260116011929.0050524s1962 alia grp 000 0 urd  ac0.7500a891.41bJAU1 aJauhar, Nizami aJauhar Nizami aAligarhbAnjuman Taraqqi-E-Urduc1962 a64p aincludes index and biblioraphy2 aNotes aUrdu-Poetry1 aJauhar, Nizami